Gary Oldman Movies Quiz Stats

 Plays Quiz Updated Sep 22, 2019

Score 0/63 Timer 10:00
2 Plays Today
Year Movie % Correct
2012The Dark Knight Rises
80.6%
2008The Dark Knight
79%
2004Harry Potter and the Prisoner of Azkaban
78.7%
2005Batman Begins
73.4%
2005Harry Potter and the Goblet of Fire
72.7%
2007Harry Potter and the Order of the Phoenix
72.7%
2017Darkest Hour
64.7%
2011Tinker Tailor Soldier Spy
53.1%
1991JFK
52%
1986Sid and Nancy
47.7%
1997The Fifth Element
44.5%
1992Bram Stoker's Dracula
39.4%
1994Léon
37.9%
1997Air Force One
32.4%
2011Kung Fu Panda 2
28.6%
2011Harry Potter and the Deathly Hallows: Part 2
27.7%
2009A Christmas Carol
26.4%
1993True Romance
25.6%
2001Hannibal
20.9%
2014Dawn of the Planet of the Apes
20.7%
1995The Scarlet Letter
20.4%
1998Lost in Space
20.3%
1994Immortal Beloved
19.8%
2014RoboCop
18.2%
2017The Hitman's Bodyguard
17.8%
2012Lawless
16%
2016Criminal
15.7%
2014Child 44
14%
2018Hunter Killer
13.9%
2018Tau
13.1%
2013Paranoia
11.4%
2017The Space Between Us
10.7%
Year Movie % Correct
2010The Book of Eli
10.4%
2000The Contender
9.4%
1990Rosencrantz & Guildenstern Are Dead
9.1%
1987Prick Up Your Ears
8.9%
2009The Unborn
8.8%
1990State of Grace
7.9%
1993Romeo Is Bleeding
7.7%
2012Guns, Girls and Gambling
7.4%
2015Man Down
7.3%
1995Murder in the First
6.3%
2003Tiptoes
5.8%
2011Red Riding Hood
5.7%
1998Quest for Camelot
5.6%
2019The Laundromat
5.6%
1996Basquiat
5.2%
2003Sin
4.8%
1988Criminal Law
4.3%
2009Planet 51
4.3%
2002Interstate 60: Episodes of the Road
4.1%
1990Henry & June
4.1%
1988Track 29
4%
2006BackWoods
3.9%
1989Chattahoochee
3.8%
2004Dead Fish
3.8%
2002Beat the Devil
3.8%
2001Nobody's Baby
3.5%
1982Remembrance
3.4%
2009Rain Fall
3.3%
1988We Think the World of You
3.2%
2004Who's Kyle?
2.9%
2019Killers Anonymous
1.9%

You're not logged in!

Compare scores with friends on all Sporcle quizzes.
OR
Log In

Sporcle TV

Today on Sporcle TV


Watch our educational content, quiz creation guides, and fun videos on Sporcle TV.

Show Comments

Extras

Top Quizzes Today


Score Distribution

Your Account Isn't Verified!

In order to create a playlist on Sporcle, you need to verify the email address you used during registration. Go to your Sporcle Settings to finish the process.

Report this User

Report this user for behavior that violates our Community Guidelines.

Details: